|
|
|
|
| LEADER |
00000nam0a2200000 4500 |
| 001 |
113856 |
| 005 |
20231031122032.0 |
| 010 |
|
|
|a 5975802830
|
| 035 |
|
|
|a (RuTPU)RU\TPU\book\123125
|
| 090 |
|
|
|a 113856
|
| 100 |
|
|
|a 20070417d2006 k y0rusy50 ca
|
| 101 |
0 |
|
|a rus
|
| 102 |
|
|
|a RU
|
| 105 |
|
|
|a a z 001zy
|
| 200 |
1 |
|
|a Управление организационным развитием машиностроительных предприятий: теория, методология, практика
|f В. Т. Денисов [и др.]
|
| 210 |
|
|
|a Саратов
|c Научная книга
|d 2006
|
| 215 |
|
|
|a 356 с.
|c ил.
|
| 320 |
|
|
|a Библиогр.: с. 346-355.
|
| 330 |
|
|
|a В монографии освещен комплекс вопросов, связанных с организацией эффективного управления организационным развитием на отечественных машиностроительных предприятиях. При этом поставленная проблема получила комплексное рассмотрение: основное внимание уделено концептуальной стороне управления организационным развитием, обоснованию базовых компонент управления организационным развитием и его организационному обеспечению. На основе результатов анализа практических результатов управления организационным развитием машиностроительных предприятий обоснована стратегия управления им. Для научных работников, аспирантов, студентов экономических специальностей, менеджеров всех уровней.
|
| 610 |
1 |
|
|a машиностроение
|
| 610 |
1 |
|
|a машиностроительные предприятия
|
| 610 |
1 |
|
|a организационное развитие
|
| 610 |
1 |
|
|a управление
|
| 610 |
1 |
|
|a эффективность
|
| 610 |
1 |
|
|a конкурентоспособность
|
| 610 |
1 |
|
|a корпоративное развитие
|
| 610 |
1 |
|
|a корпоративная культура
|
| 610 |
1 |
|
|a тенденции
|
| 610 |
1 |
|
|a результаты
|
| 610 |
1 |
|
|a организационные структуры
|
| 610 |
1 |
|
|a совершенствование
|
| 610 |
1 |
|
|a персонал
|
| 610 |
1 |
|
|a стратегические приоритеты
|
| 675 |
|
|
|a 621.002:658.5
|v 3
|
| 701 |
|
1 |
|a Денисов
|b В. Т.
|g Вячеслав Тихонович
|
| 701 |
|
1 |
|a Киреев
|b Д. В.
|g Дмитрий Вячеславович
|
| 701 |
|
1 |
|a Назарьева
|b Н. А.
|g Нелля Александровна
|
| 701 |
|
1 |
|a Резник
|b Е. П.
|g Евгений Петрович
|
| 801 |
|
1 |
|a RU
|b 63413507
|c 20070417
|g PSBO
|
| 801 |
|
2 |
|a RU
|b 63413507
|c 20070424
|g PSBO
|
| 942 |
|
|
|c BK
|